000 00659nam a2200277Ia 4500
005 20260324123243.0
008 008 260324s9999 xx 000 0 eng d
020 _a9780203148679
037 _aEBOOK
040 _aCRL
040 _beng
040 _cCRL
041 _2eng
041 _aeng
084 _qCRL
100 _aDavid H. Weaver; Lars Willnat
_91169617
245 4 _aThe Global Journalist in the 21st Century
260 _bTaylor and Francis
260 _c2012
365 _a
365 _b420
856 _uhttp://www.taylorfrancis.com/books/9780203148679
942 _cEBOOK
999 _c1762975
_d1762975